| 000 | 01729nam a22001577a 4500 | ||
|---|---|---|---|
| 999 |
_c517691 _d517691 |
||
| 008 | 210724b ||||| |||| 00| 0 eng d | ||
| 100 |
_aYang, Nan and Kuhner, Stenfan _927939 |
||
| 245 | _aBeyond the limits of the productivist regime: Capturing three decades of east Asian welfare development with fuzzy sets | ||
| 260 | _aSocial Policy and Society | ||
| 300 | _a19(4), Oct, 2020: p.613-627 | ||
| 520 | _aSystematic accounts of East Asian government responses to the ‘limits of productivist regimes’ (Gough, 2004) remain surprisingly rare. This article develops three distinct types of East Asian welfare development, i.e. quantitative, type-specific, and radical, employing set-theoretic methods. It then uses these types to analyse six policy fields, including education, health care, family policy, old-age pensions, public housing, and passive labour market policy, in six East Asian societies: China, Hong Kong, Japan, Korea, Singapore and Taiwan. We find that all cases except Hong Kong and Singapore have experienced at least one radical shift in their welfare models over the past three decades (1990–2016). East Asian governments have increasingly combined quantitative expansion or retrenchment of ‘productive’ and ‘protective’ policy structures but have done so in unique ways. South Korea has followed the most ‘balanced’ approach to welfare development and stands out as the best candidate for further type-specific expansions moving forward. - Reproduced | ||
| 650 |
_aProductivist welfare capitalism, East Asian welfare model, Set theoretic methods, Fuzzy set analysis, Social investment _925656 |
||
| 773 | _aSocial Policy and Society | ||
| 906 | _aPRODUCTIVIST REGIME | ||
| 942 | _cAR | ||